000 00301nam a2200133Ia 4500
005 20260326100043.0
008 260326s9999||||xx |||||||||||||| ||und||
100 _aSuner,Bruno
245 0 _aIeoh Ming Pei /
_cBruno Suner
260 _bHazan
300 _a151 p.
650 _aARQUITECTOS
942 _cBK
999 _c7081
_d7081